| 000 | 00000nas##2200000za#4500 |
| 001 | 9.501296 |
| 003 | CaOODSP |
| 005 | 20210615082232 |
| 007 | cr ||||||||||| |
| 008 | 150406c2005||||xxc|| m o||||f| |0fre|d |
| 040 | |aCaOODSP|bfre |
| 043 | |an-cn--- |
| 086 | 1 |aH113-23F-PDF |
| 110 | 1 |aCanada.|bSanté Canada. |bAgence de réglementation de la lutte antiparasitaire. |
| 245 | 10|aAvis d'intention |h[ressource électronique] |
| 260 | |aOttawa - Ontario : |bSanté Canada. |
| 310 | |aIrrégulier |
| 520 | 3 |aCette série vise à renseigner les intervenants et le public sur les intentions de l'ARLA concernant la mise en application d'initiatives réglementaires et de politiques connexes. |
| 775 | 08|tNotice of intent |w(CaOODSP)9.504897 |
| 776 | 0#|tNotification de l'intention |w(CaOODSP)9.513631 |